000 01079nam0a2200349 i 4500
001 RU\NLR\BIBL_A\010010518
005 20240726094336.0
010 _a9785170785360
_98000
021 _aRU
_b2014-23460
_9104д/14
021 _aRU
_b2013-47045
_9555д/13
035 _a(NILC)RuMoRGB-006677489
035 _a(NLR Aleph) 010010518
090 _a9851655
_c9851655
100 _a20131204d2013 um y0rusy50 ca
101 1 _arus
_ceng
102 _aRU
105 _ay|||z||||||||
200 1 _aЛюбой ценой
_e[роман]
_fКарен Хокинс
_g[пер. с англ. И.Э. Волковой]
210 _aМосква
_cАСТ
_d2013
215 _a316, [1] с.
_d17 см
225 1 _aМини шарм
333 _a16+
675 _a821.111(73)-31
686 1 _aШ6(7США)67-440.4(Лх1979-50)
700 1 _aХокинс
_bК.
_gКарен
801 0 _aRU
_bRuMoRKP
_c20130617
_gRCR
801 2 _aRU
_bРГБ
_c20131022
_grcr
801 1 _aRU
_bRuMoRKP
_c20130617
_2rusmarc
942 _cBOOK
980 _aNBR